L'humour à la belge - Statistiques

Statistiques générales
  • Ce quiz a été pris 26 fois
  • Le résultat moyen est 7 sur 25
Statistiques - réponses
Indice 1 Indice 2 Indice 3 Nom % Correct
Uccle 1973 La famille Bélier François {Damiens}
71%
Etterbeck 1924 Gaston André {Franquin}
63%
Saint-Ghislain 1986 La France a un incroyable talent Laura {Laune}
58%
Bruxelles 1954 Le Chat Philippe {Geluck}
58%
Etterbeck 1981 Roi de la vanne Guillermo {Guiz}
54%
Namur 1964 Le vélo de Ghislain Lambert Benoît {Poelvoorde}
50%
Bruxelles 1981 Molières 2022 Alex {Vizorek}
46%
Bruxelles 1953 Séraphine Yolande {Moreau}
46%
Nivelles 1975 La liste de mes envies Virginie {Hocq}
33%
Liège 1945 Entarteur Noël {Godin}
29%
Bruxelles 1962 Votez pour moi André {Lamy}
21%
Bruxelles 1968 Maman d'Angèle Laurence {Bibot}
21%
Louvain 1947 Stuuût Marc {Herman}
21%
Gwaka 1958 Le Soir Pierre {Kroll}
21%
La Louvière 1977 France Inter Charline {Vanhoenacker}
17%
Schaerbeek 1928 Schtroumpfs Pierre {Culliford} dit Peyo
17%
Bruxelles 1966 Supercondriaque Stéphane {De Groodt}
13%
Anvers 1938 La Chèvre André {Valardy}
8%
Namur 1932 L'Aile ou la Cuisse Fernand {Guiot}
8%
Etterbeck 1933 Fils de... Stéphane {Steeman}
8%
Verviers 1960 et 1969 Duo sans truelle Bruno & Vincent {Counard}
4%
Courtrai 1923 Lucky Luke Maurice de {Bevere} dit Morris
4%
Ixelles 1931 Achille Talon Michel {Regnier} dit Greg
4%
Anvers 1940 Oscar Roger {Van Hool}
4%
Namur 1992 Vidéos Guillaume {Wattecamps} dit GuiHome
0%
Aucun quiz correspondant
Distribution des résultats
% des personnes avec chaque résultat
Percentile par nombre de réponses
Votre historique - résultats
Vous n’avez pas pris ce quiz